Podmínkou oživení je růst poptávky UNCTAD o světovém hospodářství

Správa o hospodárskom vývoji vo svete spracovaná ženevským sekretariátom UNCTAD. Spomalenie hospodárskeho rastu v niektorých bohatých priemyselných štátoch sveta (Nemecko, Francúzsko - pokles výroby). Na druhej strane oživenie v USA, ostatných anglosaských krajinách OECD a očakáva sa aj oživenie v E...

Descrizione completa

Salvato in:
Dettagli Bibliografici
Autore principale: Vítek, Jan
Natura: Capitolo di libro
Lingua:ceco
Soggetti:
Tags: Aggiungi Tag
Nessun Tag, puoi essere il primo ad aggiungerne!!

MARC

LEADER 00000naa a2200000 4500
001 r015948
005 20221213082011.2
041 0 |a cze 
044 |a CZ 
245 1 0 |a Podmínkou oživení je růst poptávky  |b UNCTAD o světovém hospodářství  |c Jan Vítek 
520 |a Správa o hospodárskom vývoji vo svete spracovaná ženevským sekretariátom UNCTAD. Spomalenie hospodárskeho rastu v niektorých bohatých priemyselných štátoch sveta (Nemecko, Francúzsko - pokles výroby). Na druhej strane oživenie v USA, ostatných anglosaských krajinách OECD a očakáva sa aj oživenie v EU. Situácia v strednej a východnej Európe, Latinskej Amerike a Afrike. Inflácia, trh práce, ponuka a dopyt, konkurencieschopnosť. Návrhy UNCTAD pre budúci hospodársky vývoj. 
610 2 0 |a vývoj hospodársky 
610 2 0 |a recesia 
610 2 0 |a oživenie 
610 2 0 |a dopyt 
610 2 0 |a konkurencieschopnosť 
610 2 0 |a rast hospodársky 
610 2 0 |a hospodárstvo svetové 
610 2 0 |a Latinská Amerika 
100 1 |a Vítek, Jan